| 000 | 00429pab a2200157 454500 | ||
|---|---|---|---|
| 008 | 180718b2011 xxu||||| |||| 00| 0 eng d | ||
| 100 | _aSam, Michael P. | ||
| 245 | _aBuilding legitimacy at sport Canada: Pitfalls of public value creation? | ||
| 260 | _c2011 | ||
| 300 | _ap.757-778. | ||
| 362 | _aDec | ||
| 650 | _aPublic values | ||
| 773 | _aInternational Review of Administrative Sciences | ||
| 908 | _aN | ||
| 909 | _a95444 | ||
| 999 |
_c95444 _d95444 |
||